000 00377nam a2200133Ia 4500
008 211119s9999||||xx |||||||||||||| ||und||
082 _a920
_bMUL-A
100 _aMuller, Max
245 0 _aAthmakatha
260 _bMathrubhumi Books
_aKottayam
_c2014
300 _a174p
650 _aHistory & geography
_vBiography, genealogy & insigniaMalayalam
_xGeneral Stack
942 _cBOOK
999 _c119952
_d119952